|
|
|
|
| LEADER |
00000nab a2200000uu 4500 |
| 001 |
vtls011507016 |
| 003 |
SK-MaSNL |
| 005 |
20260304030320.0 |
| 008 |
250310|1972 xo |||||||||||||||||cze| |
| 015 |
|
|
|a SNBRB
|
| 035 |
|
|
|a (urnnbn)urn:nbn:sk:snk:ar-a0ax9m
|
| 035 |
|
|
|a (uuid)35d55b85-4711-4425-9036-7bcc710b2c55
|
| 035 |
|
|
|a urn:nbn:sk:snk-abe02e
|
| 040 |
|
|
|a SNKBUCL
|b slo
|c SNKBUCL
|e AACR2
|
| 041 |
0 |
|
|a cze
|
| 044 |
|
|
|a xo
|c SK
|
| 100 |
1 |
|
|a Tenčík, František,
|d 1912-1974
|4 aut
|9 238741
|
| 245 |
1 |
0 |
|a Nad knihou Václava Stejskala
|c František Tenčík
|
| 773 |
0 |
|
|t Zlatý máj : kritická revue tvorby pro mládež
|g Roč. 16, č. 7 (1972), s. 438-439
|
| 958 |
|
|
|a OND
|
| 958 |
|
|
|a article20
|
| 999 |
|
|
|c 2633513
|d 2635443
|